| 000 | 01374cam a2200349 i 4500 | ||
|---|---|---|---|
| 001 | 32427 | ||
| 003 | Mx-PuUPA | ||
| 005 | 20250610144131.0 | ||
| 008 | 140415s2007 mx ad gr 000 0 spa d | ||
| 020 | _a9789701060599 | ||
| 020 | _a9701060598 | ||
| 040 |
_cMx-PuUPA _aMx-PuUPA _bspa _dMx-PuUPA _erda |
||
| 041 | 1 |
_aspa _heng |
|
| 100 | 1 |
_aSantrock, John W., _eautor _915246 |
|
| 240 | 1 | 0 |
_aChild development. _lEspañol |
| 245 | 1 | 0 |
_aDesarrollo infantil / _cJohn W. Santrock ; traducción, Leticia Esther Pineda Ayala |
| 250 | _aPrimera edición | ||
| 264 | 1 |
_aMéxico, D.F. : _bMcGraw-Hill/Interamericana Editores, _c©2007 |
|
| 300 |
_axxx, 583 páginas : _bilustraciones, gráficas, diagramas, tablas ; _c27 cm |
||
| 336 |
_2rdacontent _atexto _btxt |
||
| 337 |
_2rdamedia _asin medio _bn |
||
| 338 |
_2rdacarrier _avolumen _bnc |
||
| 650 | 7 |
_2armarc _aPsicología infantil |
|
| 650 | 7 |
_2armarc _aDesarrollo infantil |
|
| 650 | 7 |
_2armarc _aEstrés en niños |
|
| 700 | 1 |
_aPineda Ayala, Leticia Esther, _etraductor |
|
| 765 | 0 |
_aSantrock, John W., _bUndécima edición _d[Nueva York?] : McGraw-Hill/Interamericana Companies, 2007 _tChild develpment. _z9780072967433 _z0072967439 |
|
| 942 |
_2ddc _cLI _h155.4 _iS5418 |
||
| 999 |
_c32427 _d32427 |
||